| 000 | 01081nam a2200253Ia 4500 | ||
|---|---|---|---|
| 003 | Ost | ||
| 005 | 20260507075459.0 | ||
| 008 | 260507s9999||||xx |||||||||||||| ||und|| | ||
| 020 | _a978996106412 | ||
| 040 | _cfsecg | ||
| 041 | _aara | ||
| 082 | _a336 | ||
| 100 |
_aعباس، محرزي محمد _eمؤلف |
||
| 245 | 0 |
_aإقتصاديات المالية العامة : _bالنفقات العامة،الايرادات العامة،الميزانية العامة للدولة / _c محرزي محمد عباس |
|
| 250 | _aطبعة 3(مزيدة ومنقحة) | ||
| 260 |
_aالجزائر: _bديوان المطبوعات الجامعية, _c2008 |
||
| 300 |
_a388 صفحة؛ _bإيضاحات ؛ _c22 سم |
||
| 504 | _aببليوغرافيا: ص ص.385-388 | ||
| 520 | _aمفهوم علم المالية العامة،النفقات العامة،الإيرادات العامة،الميزانية العامة للدولة | ||
| 653 | _aالمالية العامة | ||
| 653 | _aالميزانية | ||
| 653 | _aالنفقات العامة | ||
| 942 | _cكتاب | ||
| 999 |
_c44684 _d44684 |
||